Interaktívny WebGL model mechatronického systému

Enregistré dans:
Détails bibliographiques
Auteur principal: Andrejko, Peter (Auteur)
Autres auteurs: Žáková, Katarína (Directeur de thèse)
Format: Manuscrit Livre
Langue:slovaque
Publié: Bratislava : STU v Bratislave FEI, 2021
Sujets:
Accès en ligne:https://opac.crzp.sk/?fn=detailBiblioForm&sid=CF9E62B1F4156FE3B92A0984D7C8&seo=CRZP-detail-kniha
Tags: Ajouter un tag
Pas de tags, Soyez le premier à ajouter un tag!

MARC

LEADER 00000ntm a22000003a 4500
001 stuzp82388
003 SK-STU
005 20210809104349.7
007 ta
008 150427s2015----xo-----f-mn---000-0-slo-d
040 |a STU  |b slo 
041 0 |a slo 
044 |a xo 
100 1 |a Andrejko, Peter  |u 035000  |4 aut  |U FEI Fakulta elektrotechniky a informatiky  |U FEI Fakulta elektrotechniky a informatiky  |T FEI Ústav informatiky a matematiky  |X 97727  |U E050  |Y 816  |7 97727 
242 0 1 |a Interactive WebGL model of mechatronic system  |y eng 
245 1 0 |a Interaktívny WebGL model mechatronického systému 
260 |a Bratislava : 
260 |b STU v Bratislave FEI, 
260 |c 2021 
300 |a 61 s. 
650 4 |a WebGL  |2 slo 
650 4 |a 3D  |2 slo 
650 4 |a animácia  |2 slo 
650 4 |a mechatronický systém  |2 slo 
650 4 |a aplikácia  |2 slo 
650 4 |a WebGL  |2 eng 
650 4 |a 3D  |2 eng 
650 4 |a animation  |2 eng 
650 4 |a mechatronic system  |2 eng 
650 4 |a application  |2 eng 
700 1 |a Žáková, Katarína  |u 030400  |k Z1  |4 ths  |U FEI Fakulta elektrotechniky a informatiky  |U FEI Fakulta elektrotechniky a informatiky  |T FEI Ústav automobilovej mechatroniky  |X 4948  |U E400  |Y 642  |7 A000004948 
856 4 |u https://opac.crzp.sk/?fn=detailBiblioForm&sid=CF9E62B1F4156FE3B92A0984D7C8&seo=CRZP-detail-kniha